[Event "FRA-chT U20 0203"]
[Site "Clichy"]
[Date "2003.05.03"]
[Round "10.9"]
[White "Ledouble, Ugo"]
[Black "Clementiaux, Lucas"]
[Result "0-1"]
[WhiteElo "1250"]
[BlackElo "1500"]
[PlyCount "104"]
[EventDate "2002.12.??"]
[EventType "team"]
[EventRounds "11"]
[EventCountry "FRA"]
[SourceTitle "EXT 2004"]
[Source "ChessBase"]
[SourceDate "2003.11.25"]
[SourceVersion "1"]
[SourceVersionDate "2003.11.25"]
[SourceQuality "1"]
[WhiteTeam "Cannes"]
[BlackTeam "Vandoeuvre"]
[WhiteTeamCountry "FRA"]
[BlackTeamCountry "FRA"]

1. e4 e5 2. Nf3 Nc6 3. Bc4 Bc5 4. c3 Nf6 5. d4 exd4 6. e5 Qe7 7. 0-0 Ng4 8. Bxf7+ Qxf7 9. Ng5 Qf5 10. h3 Ngxe5 11. Qh5+ Qg6 12. Qh4 Qf6 13. Re1 dxc3 14. Nxc3 Nb4 15. Bf4 Nbd3 16. Re4 Bxf2+ 17. Qxf2 Nxf2 18. Bxe5 Nxe4 19. Bxf6 Nxf6 20. Re1+ Kf8 21. Re5 d6 22. Re3 h6 23. Nf3 Kf7 24. Nd4 Re8 25. Rf3 Be6 26. g4 Ke7 27. Re3 Kd7 28. Rd3 Bc4 29. Rd2 Ne4 30. Nxe4 Rxe4 31. Nf5 Rg8 32. b3 Be6 33. Ng3 Rf4 34. a4 Bxb3 35. a5 Rc4 36. Kf2 Rc2 37. Rxc2 Bxc2 38. Ke3 Rf8 39. Kd4 Bd3 40. Nh5 Bg6 41. Nxg7 Rf7 42. Nf5 Bxf5 43. gxf5 Rxf5 44. h4 Rxa5 45. Ke4 Ra4+ 46. Kf5 Rxh4 47. Kf6 Rf4+ 48. Kg7 Ke6 49. Kh7 Rg4 50. Kxh6 Kf6 51. Kh5 Ra4 52. Kh6 Rh4# 0-1

[Event "FRA-chT U20 0203"]
[Site "Clichy"]
[Date "2003.05.02"]
[Round "8.10"]
[White "Sochacki, Christophe"]
[Black "Clementiaux, Lucas"]
[Result "1-0"]
[WhiteElo "1500"]
[BlackElo "1590"]
[PlyCount "65"]
[EventDate "2002.12.??"]
[EventType "team"]
[EventRounds "11"]
[EventCountry "FRA"]
[SourceTitle "EXT 2004"]
[Source "ChessBase"]
[SourceDate "2003.11.25"]
[SourceVersion "1"]
[SourceVersionDate "2003.11.25"]
[SourceQuality "1"]
[WhiteTeam "Vandoeuvre"]
[BlackTeam "AECE"]
[WhiteTeamCountry "FRA"]
[BlackTeamCountry "FRA"]

1. f4 d5 2. b3 Bf5 3. Bb2 Nf6 4. Nf3 e6 5. e3 Bd6 6. Be2 Nbd7 7. 0-0 0-0 8. d3 Bc5 9. Nd4 Bxd4 10. Bxd4 c5 11. Bb2 b5 12. Nd2 a6 13. Qe1 Rb8 14. Qg3 c4 15. e4 b4 16. bxc4 Qb6+ 17. Kh1 d4 18. exf5 exf5 19. Qf2 Qe6 20. Rae1 Qd6 21. Bxd4 Nb6 22. c5 Qc7 23. Be5 Qc6 24. Bxb8 Rxb8 25. cxb6 Qxc2 26. Nc4 Qxa2 27. Qc5 Qa4 28. Bd1 Qb5 29. Qc7 Re8 30. Nd6 Rxe1 31. Qxf7+ Kh8 32. Qf8+ Ng8 33. Nf7# 1-0

[Event "FRA-chT U20 0203"]
[Site "Clichy"]
[Date "2003.01.05"]
[Round "7.10"]
[White "Clementiaux, Lucas"]
[Black "Gattullo, Ellia"]
[Result "0-1"]
[WhiteElo "1350"]
[BlackElo "1009"]
[PlyCount "54"]
[EventDate "2002.12.??"]
[EventType "team"]
[EventRounds "11"]
[EventCountry "FRA"]
[SourceTitle "EXT 2004"]
[Source "ChessBase"]
[SourceDate "2003.11.25"]
[SourceVersion "1"]
[SourceVersionDate "2003.11.25"]
[SourceQuality "1"]
[WhiteTeam "Vandoeuvre"]
[BlackTeam "Neuilly"]
[WhiteTeamCountry "FRA"]
[BlackTeamCountry "FRA"]

1. e4 c5 2. Nf3 Nc6 3. d4 cxd4 4. Nxd4 Nf6 5. Nc3 d6 6. Be3 Bd7 7. Bd3 Qc7 8. 0-0 e6 9. Re1 Be7 10. Qd2 0-0 11. Rad1 e5 12. Nf3 Ng4 13. Bg5 f5 14. Bxe7 Nxe7 15. Qg5 fxe4 16. Nxe4 d5 17. Qxe7 dxe4 18. Bxe4 Rad8 19. Bd5+ Kh8 20. Ng5 e4 21. Nf7+ Rxf7 22. Qxf7 Qxh2+ 23. Kf1 Qh1+ 24. Ke2 Qxg2 25. Bxb7 Bb5+ 26. c4 Bxc4+ 27. Qxc4 Qxf2# 0-1

[Event "FRA-chT U20 0203"]
[Site "Clichy"]
[Date "2003.01.03"]
[Round "4.9"]
[White "Langlois, Xavier"]
[Black "Clementiaux, Lucas"]
[Result "0-1"]
[WhiteElo "1250"]
[BlackElo "1350"]
[PlyCount "70"]
[EventDate "2002.12.??"]
[EventType "team"]
[EventRounds "11"]
[EventCountry "FRA"]
[SourceTitle "EXT 2004"]
[Source "ChessBase"]
[SourceDate "2003.11.25"]
[SourceVersion "1"]
[SourceVersionDate "2003.11.25"]
[SourceQuality "1"]
[WhiteTeam "Agneaux Saint Lo"]
[BlackTeam "Vandoeuvre"]
[WhiteTeamCountry "FRA"]
[BlackTeamCountry "FRA"]

1. e4 e5 2. Nc3 Nf6 3. Bc4 Bc5 4. Nge2 d6 5. 0-0 Nc6 6. Kh1 Bg4 7. d3 Nd4 8. f4 Nxe2 9. Nxe2 0-0 10. fxe5 dxe5 11. Bg5 Be7 12. c3 h6 13. Bh4 Qd7 14. Qd2 Nxe4 15. Bxe7 Nxd2 16. Bxf8 Nxf1 17. Rxf1 Rxf8 18. Ng3 b5 19. Bb3 Qxd3 20. Kg1 Qe3+ 21. Rf2 h5 22. Nf1 Qe1 23. h3 Be2 24. a3 Bxf1 25. Rxf1 Qe3+ 26. Kh2 h4 27. Rf3 Qc1 28. Rf2 Kh7 29. Rc2 Qf4+ 30. Kh1 Rd8 31. Re2 Qf1+ 32. Kh2 Qxe2 33. Bxf7 Rd1 34. b4 Qe1 35. Bb3 Qh1# 0-1

[Event "FRA-chT U20 0203"]
[Site "Clichy"]
[Date "2002.12.01"]
[Round "3.10"]
[White "Clementiaux, Lucas"]
[Black "Schaeffer, Francois"]
[Result "0-1"]
[WhiteElo "1350"]
[BlackElo "1340"]
[PlyCount "48"]
[EventDate "2002.12.??"]
[EventType "team"]
[EventRounds "11"]
[EventCountry "FRA"]
[SourceTitle "EXT 2004"]
[Source "ChessBase"]
[SourceDate "2003.11.25"]
[SourceVersion "1"]
[SourceVersionDate "2003.11.25"]
[SourceQuality "1"]
[WhiteTeam "Vandoeuvre"]
[BlackTeam "Bischwiller"]
[WhiteTeamCountry "FRA"]
[BlackTeamCountry "FRA"]

1. e4 e5 2. Nf3 Nc6 3. Bc4 Bc5 4. d3 d6 5. c3 Nf6 6. Bg5 Bg4 7. 0-0 h6 8. Be3 Bb6 9. Nbd2 Qd7 10. h3 Be6 11. Bb3 0-0 12. Re1 d5 13. exd5 Nxd5 14. Bxb6 axb6 15. Bxd5 Bxd5 16. Nxe5 Nxe5 17. Rxe5 Be6 18. Nc4 Rad8 19. Re3 Bxc4 20. d4 c5 21. b3 Be6 22. Rd3 Bf5 23. Rd2 Qe8 24. Re2 Qd7 0-1

[Event "FRA-chT U20 0203"]
[Site "Clichy"]
[Date "2002.11.30"]
[Round "1.7"]
[White "Dungler, Florent"]
[Black "Clementiaux, Lucas"]
[Result "0-1"]
[WhiteElo "1420"]
[BlackElo "1009"]
[PlyCount "92"]
[EventDate "2002.12.??"]
[EventType "team"]
[EventRounds "11"]
[EventCountry "FRA"]
[SourceTitle "EXT 2004"]
[Source "ChessBase"]
[SourceDate "2003.11.25"]
[SourceVersion "1"]
[SourceVersionDate "2003.11.25"]
[SourceQuality "1"]
[WhiteTeam "Mulhouse"]
[BlackTeam "Vandoeuvre"]
[WhiteTeamCountry "FRA"]
[BlackTeamCountry "FRA"]

1. e4 e5 2. Nf3 Nc6 3. d4 exd4 4. Nxd4 Nxd4 5. Qxd4 Nf6 6. Nc3 b6 7. Bg5 Bc5 8. Qd2 Bb7 9. e5 Qe7 10. Qe2 h6 11. Bh4 g5 12. Bg3 Nd5 13. Nxd5 Bxd5 14. 0-0-0 Bb7 15. Qd2 0-0-0 16. Qc3 Bb4 17. Qc4 Bc5 18. Bd3 Bxg2 19. Rhe1 Bf3 20. Qa6+ Kb8 21. Rd2 Bb7 22. Qa4 h5 23. h4 g4 24. Be4 Bxe4 25. Rxe4 Qe6 26. Qa6 Qc6 27. Ra4 Qh1+ 28. Rd1 Qb7 29. Qxb7+ Kxb7 30. Rf4 Rhf8 31. f3 Be3+ 32. Rd2 Bxf4 33. Bxf4 f6 34. fxg4 hxg4 35. exf6 Rxf6 36. Bg5 Rf1+ 37. Rd1 Rxd1+ 38. Kxd1 Re8 39. Bf4 Re4 40. Bh2 c5 41. h5 Re3 42. Bf4 Rh3 43. h6 g3 44. h7 g2 45. h8Q g1Q+ 46. Ke2 Rxh8 0-1